00768nam a2200241 i 45000010005000000030009000050050017000140070003000310080041000340200018000750800017000930800025001101000038001352450042001732500016002152600039002313000022002704900021002928300043003138520033003569990015003899520122004049468ES-MaACL20250525063029.0t|930915s1992 sp ||||1| spa d a84-322-0603-2 a86-311.1"19" a86(Mendoza,E.7 I.01)1 aMendoza, Eduardo, d1943-924067613aLa Isla inaudita / cEduardo Mendoza. a[14ยช ed.]. aBarcelona : bSeix Barral, c1992. a236 p. ; c21 cm.1 aBiblioteca breve0 aBiblioteca breve (Seix Barral)9227188 aES-MaACLjL-17008 bR.121508 c9468d9468 00104070aATENEOMbATENEOMcDEPO2d2008-01-17eSCl0oL-17008p1009660r2023-02-23 00:00:00w2023-02-23yMONOGRAFIA